| Tag |
First Indicator |
Second Indicator |
Subfields |
| LEADER |
00000cam a2200000 4500 |
| 001 |
in00000062660 |
| 005 |
20151008050619.0 |
| 008 |
721003s1944 nju b 00010 eng c |
| 010 |
|
|
|a a 44000531
|
| 035 |
|
|
|a (OCoLC)00421566
|
| 035 |
|
|
|9 AAG2145AM
|
| 040 |
|
|
|a Princeton univ. Library
|c WSU
|d OCL
|d TXA
|d UtOrBLW
|
| 049 |
|
|
|a TXAM
|c [118445]
|
| 050 |
|
0 |
|a E183.8.R9
|b D8
|
| 082 |
0 |
|
|a 327.730047
|
| 092 |
|
|
|a 327.730947
|b D883r
|
| 100 |
1 |
|
|a Dulles, Foster Rhea,
|d 1900-1970.
|
| 245 |
1 |
4 |
|a The road to Teheran ;
|b the story of Russia and America, 1781-1943 /
|c [by] Foster Rhea Dulles.
|
| 264 |
|
1 |
|a Princeton, N.J. :
|b Princeton university press,
|c 1944.
|
| 300 |
|
|
|a vi pages, 1 leaf, 279 pages ;
|c 20 cm.
|
| 336 |
|
|
|a text
|b txt
|2 rdacontent
|
| 337 |
|
|
|a unmediated
|b n
|2 rdamedia
|
| 338 |
|
|
|a volume
|b nc
|2 rdacarrier
|
| 504 |
|
|
|a "Bibliographical notes": pages 263-268.
|
| 651 |
|
0 |
|a United States
|x Foreign relations
|z Soviet Union.
|
| 651 |
|
0 |
|a Soviet Union
|x Foreign relations
|z United States.
|
| 999 |
|
|
|a MARS
|
| 999 |
f |
f |
|s 8b6610a2-9a3c-3546-8f8d-4ade1aa47952
|i f30ad19a-910f-3f08-80ed-25f7dd12e78d
|t 0
|
| 952 |
f |
f |
|p ric
|a Texas A&M University
|b Rellis Campus
|c Joint Library Facility
|d Remote Storage
|t 0
|e E183.8.R9 D8
|h Library of Congress classification
|i unmediated -- volume
|m A14800680564
|
| 998 |
f |
f |
|a E183.8.R9 D8
|t 0
|l Remote Storage
|